000 01311pab a2200205 454500
008 180718b2014 xxu||||| |||| 00| 0 eng d
100 _aEapen, Austine
245 _aUttarakhand disaster -A wake up call: A case study of Uttarakhand disaster response - 2013
260 _c2014
300 _ap.301-312.
362 _aApr-Jun
520 _aIn the last decade India has taken many policy initiatives for capacity building in disaster response. However, those initiatives have not been translated into action at micro level. It appears that there is a wide gap between the expectation and the response efforts by the state administration. How can all stakeholders specially the state disaster response elements at the cutting edge become more responsive is a very serious challenge the country is facing. The recent experience from Uttarakhand paints a gloomy picture. Had the ITBP and the military not acted in time it would have been a greater catastrophe. It is high time to wake up, learn from mistake and streamline the response machinery at grassroots level. Reproduced.
650 _aDisasters - Case studies
650 _aCase studies
650 _aDisasters - India - Uttarakhand
650 _aDisasters
773 _aIndian Journal of Public Administration
908 _aN
909 _a105226
999 _c105221
_d105221